书目信息 |
| 题名: |
不想再做老好人
|
|
| 作者: | 罗金 著 | |
| 分册: | ||
| 出版信息: | 北京 台海出版社 2019.10 |
|
| 页数: | 237页 | |
| 开本: | 22cm | |
| 丛书名: | ||
| 单 册: | ||
| 中图分类: | C912.11 | |
| 科图分类: | ||
| 主题词: | 人际关系--ren ji guan xi--通俗读物 | |
| 电子资源: | ||
| ISBN: | 978-7-5168-2439-9 | |
| 000 | 01047nam0 2200229 450 | |
| 001 | 2052187706 | |
| 005 | 20201106142954.02 | |
| 010 | @a978-7-5168-2439-9@b精装@dCNY48.00 | |
| 100 | @a20191123d2019 em y0chiy50 ea | |
| 101 | 0 | @achi |
| 102 | @aCN@b110000 | |
| 105 | @ay z 000yy | |
| 200 | 1 | @a不想再做老好人@Abu xiang zai zuo lao hao ren@e如何对人说“不”@f罗金著 |
| 210 | @a北京@c台海出版社@d2019.10 | |
| 215 | @a237页@d22cm | |
| 330 | @a本书是一本关于如何合情合理地拒绝别人的书。哈佛大学曾经做过一项深入地调查, 在这份对1000余人追踪了3年的调查中发现, 如果一个人学会合理的拒绝, 就能减少98%以上的麻烦, 更能减少大量的个人财富浪费。反之, 如果一个人没有掌握拒绝的技巧, 他将在有交集的人群中形成“老好人”“可随意差使的人”“从不懂得拒绝的人”的印象, 无论在职场、社会、家庭, 你将会浪费大量的时间, 吃尽各种苦头。 | |
| 517 | 1 | @a如何对人说“不”@Aru he dui ren shuo “bu ” |
| 606 | 0 | @a人际关系@Aren ji guan xi@j通俗读物 |
| 690 | @aC912.11@v5 | |
| 701 | 0 | @a罗金@Aluo jin@4著 |
| 801 | 0 | @aCN@b人天书店@c20201024 |
| 905 | @aZUCC@dC912.11@eL945 | |
| 不想再做老好人:如何对人说“不”/罗金著.-北京:台海出版社,2019.10 |
| 237页;22cm |
| ISBN 978-7-5168-2439-9(精装):CNY48.00 |
| 本书是一本关于如何合情合理地拒绝别人的书。哈佛大学曾经做过一项深入地调查, 在这份对1000余人追踪了3年的调查中发现, 如果一个人学会合理的拒绝, 就能减少98%以上的麻烦, 更能减少大量的个人财富浪费。反之, 如果一个人没有掌握拒绝的技巧, 他将在有交集的人群中形成“老好人”“可随意差使的人”“从不懂得拒绝的人”的印象, 无论在职场、社会、家庭, 你将会浪费大量的时间, 吃尽各种苦头。 |
| ● |
| 相关链接 |
|
|
|
正题名:不想再做老好人
索取号:C912.11/L945
 
预约/预借
| 序号 | 登录号 | 条形码 | 馆藏地/架位号 | 状态 | 备注 |
| 1 | 1482624 | 214826241 | 社科库509/509社科库 58排6列5层/ [索取号:C912.11/L945] | 在馆 | |
| 2 | 1482625 | 214826250 | 社科库509/509社科库 58排6列5层/ [索取号:C912.11/L945] | 在馆 |